| 000 | 00640nam a2200217 u 4500 | ||
|---|---|---|---|
| 005 | 20240228064215.0 | ||
| 008 | 150506s2006 ag r 000 0 spa d | ||
| 020 | _a9789501113112 | ||
| 035 | _aUPN01000203240 | ||
| 049 | _aI | ||
| 050 | 4 |
_aPZ76.3 _bR5.7 |
|
| 100 | 1 |
_aRivera, Natalia _936547 |
|
| 245 | 1 | 0 |
_aRicitos de oro / _cadap. Natalia Rivero ; il. Van Gool. |
| 260 |
_aBuenos Aires : _bSigmar, _cc2006. |
||
| 300 |
_a23 p. : _bprincipalmente il. col. |
||
| 440 | 0 | _aColorín colorado | |
| 650 | 0 |
_aAnimales _vCuentos y leyendas _9234 |
|
| 650 | 4 |
_aLibros y lectura para niños _92290 |
|
| 905 | _aInfantil | ||
| 999 |
_c175341 _d175341 |
||